00489nam a22001577a 450000500170000001000150001702000250003203500130005703700130007008200110008310000270009424500630012126000710018427000490025530000270030420100813115918.0 aENG-100302 a9788172085100c73.00 aEN-83834 bDBAD/PUB a230.35 aMurthy, Narasimha B.N. aSri Sathy Sai Divya Kripasraya /cby B.N. Narasimha Murthy aPrasanthi NilayambSri Sathya Sai Books & Publications Trustc2007 aPrasanthi NilayambPrasanthi Nilayame515134 a350p.billc22cm (pbk)